| 000 | 02576nam a2200217Ia 4500 | ||
|---|---|---|---|
| 003 | Ost | ||
| 005 | 20260507075729.0 | ||
| 008 | 260507s9999||||xx |||||||||||||| ||und|| | ||
| 040 | _cfsecg | ||
| 041 | _aara | ||
| 082 | _a332.12 | ||
| 100 |
_aحنفي، عبد الغفار _eمؤلف |
||
| 245 | 0 |
_aالادارة الحديثة في البنوك التجارية / _c عبد الغفار حنفي |
|
| 260 |
_aالاسكندرية: _bالدار الجامعية, _c2003 |
||
| 300 |
_a528 صفحة؛ _c24 سم |
||
| 520 | _aيحتوي الكتاب على المحاور التالية المقدمة الباب الاول : النظام المصرفى المصرى وتطوره مع الاشارة للنظام المصرفى اللبنانى الفصل الاول : تطور الجهاز المصرفى المصرى-الفصل الثانى : مكونات الجهاز المصرفى المصرى-الفصل الثالث : النظام المصرفى اللبنايى الباب الثانى : سياسات السيولة والودائع الفصل الرابع : سياسة السيولة-الفصل الخامس : سياسة الودائع الباب الثالث : القروض والسلفيات الفصل السادس : سياسة الاقراض-الفصل السابع : سياسة راس المال الباب الرابع : تحليل القوائم المالية للبنوك التجارية-الفصل الثامن : تحليل قوائم الدخل-مدخل تطبيقى : الفصل التاسع : تقييم الاداء المصرفى (العائد-المخاطر)-الباب الرابع : مداخل تخصيص الاموال وتدنية المخاطر : الفصل العاشر : المداخل المختلفة لتخصيص الاموال-الفصل الحادى عشر : تدنية مخاطر الاستثمار فى الاوراق المالية-الباب الخامس : الاتجاهات الحديثة فى مجال الخدمات المصرفية والبناء التنظيمى والادارى فى البنوك-الفصل الثانى عشر : البناء التنظيمى والادارى فى البنوك-الفصل الثالث عشر : تصميم الدراسة الميدانية-الباب السادس : المصارف وبورصة الاوراق المالية-الفصل الرابع عشر : البنوك وبورصة الاوراق المالية. | ||
| 653 | _aالبنوك التجارية | ||
| 653 | _aالمالية | ||
| 700 |
_aأبو قحف، عبد السلام _eمؤلف ثانوي |
||
| 942 | _cكتاب | ||
| 999 |
_c46016 _d46016 |
||